| 000 | 00793nam a22001577a 4500 | ||
|---|---|---|---|
| 003 | OSt | ||
| 005 | 20150919102147.0 | ||
| 008 | 150919b xxu||||| |||| 00| 0 eng d | ||
| 040 | _cRUA | ||
| 082 | _aAGR THA 2005 B030 Or.1 | ||
| 100 |
_9838 _aTHA, DALUX. |
||
| 245 | _aeffect of tomato grafting on eggplants (eg.203) in wet season at crops station in the royal university of agriculture ( ឥទ្ធិពលនៃការតគល់ទំរត្រប់ ទៅលើដំណាំប៉េងប៉ោះក្នុងលក្ខខណ្ឌរដូវវស្សានៅស្តានីយ៍ដំណាំសាកលវិទ្យាល័យភូមិន្ទកសិកម្ម ) | ||
| 260 |
_aPhnom Penh _bRUA _c2005 |
||
| 300 |
_a61p. _bill. _c29cm. |
||
| 942 |
_2ddc _cAGR |
||
| 999 |
_c806 _d806 |
||